01875 2200325 4500001002100000005001500021035002000036008004100056020001800097041000800115082001500123084002100138100001900159245007300178260003400251300002100285500002300306504001400329520090700343650003901250650006001289990002501349990002501374990002501399990002501424990002501449990002501474990002501499990002501524INLIS00000000000456820221017090744 a0010-0520004568221017 | | eng  a9780415362320 aeng a305.809073 a305.809073 DUR w0 aDurham, Martin1 aWhite Rage: The Extreme Right and American Politics /cMartin Durham aNew York :bRoutledge,c2007. a180 p. ;c24 cm. aIndeks : p.173-180 ap.163-172 aThis book examines the development of the modern American extreme right and American politics from the 1950s to the present day. It explores the full panoply of extreme right groups, from the remnants of the Ku Klux Klan to skinhead groups and from the militia groups to neo-nazis. In developing its argument the book: discusses the American extreme right in the context of the Oklahoma City bombing, 9/11 and the Bush administration; explores the American extreme right?s divisions and its pursuit of alliances; analyses the movement?s hostilities to other racial groups. Written in a moment of crisis for the leading extreme right groups, this original study challenges the frequent equation of the extreme right with other sections of the American right. It is a movement whose development and future will be of interest to anyone concerned with race relations and social conflict in modern America. 4aRight and left (Political Science) 4aUnited States - Race relations - History - 20th century a09993/MKRI-P/XI-2008 a09994/MKRI-P/XI-2008 a09994/MKRI-P/XI-2008 a09993/MKRI-P/XI-2008 a09994/MKRI-P/XI-2008 a09993/MKRI-P/XI-2008 a09993/MKRI-P/XI-2008 a09994/MKRI-P/XI-2008